Arabesque (Record no. 10157)

MARC details
000 -CABECERA
campo de control de longitud fija 00874nam a2200277 a 4500
001 - NÚMERO DE CONTROL
campo de control BRL_1345
005 - FECHA Y HORA DE LA ÚLTIMA TRANSACCIÓN
campo de control 20190320211147.0
008 - DATOS DE LONGITUD FIJA--INFORMACIÓN GENERAL
campo de control de longitud fija 080114s1977----nyuao#####---#000-0#eng-#
020 ## - NÚMERO INTERNACIONAL ESTÁNDAR DEL LIBRO
Número Internacional Estándar del Libro 0442202903
041 ## - CÓDIGO DE LENGUA
Código de lengua del texto/banda sonora o título independiente eng
044 ## - CÓDIGO DEL PAÍS DE LA ENTIDAD EDITORA/PRODUCTORA
Código MARC del país nyu
050 #4 - SIGNATURA TOPOGRÁFICA DE LA BIBLIOTECA DEL CONGRESO
Número de clasificación TT753
Número de documento/Ítem .A45 1977
100 1# - ENTRADA PRINCIPAL--NOMBRE DE PERSONA
Nombre de persona Amir, Ziva
Fechas asociadas al nombre 1930-
9 (RLIN) 26591
245 10 - MENCIÓN DE TÍTULO
Título Arabesque
Resto del título decorative needlework from the holy land
Mención de responsabilidad, etc. Ziva Amir ; photographs by Aliza Auerbach, Judy & Kenny, Benny Levanon.
260 ## - PUBLICACIÓN, DISTRIBUCIÓN, ETC.
Lugar de publicación, distribución, etc. New York
Nombre del editor, distribuidor, etc. Van Nostrand Reinhold
Fecha de publicación, distribución, etc. 1977
300 ## - DESCRIPCIÓN FÍSICA
Extensión 64 p.
Otras características físicas il., fotografías
Dimensiones 23 cm.
500 ## - NOTA GENERAL
Nota general Au1586
650 14 - PUNTO DE ACCESO ADICIONAL DE MATERIA--TÉRMINO DE MATERIA
Término de materia o nombre geográfico como elemento de entrada Labores de aguja
Subdivisión general Patrones
9 (RLIN) 26592
650 14 - PUNTO DE ACCESO ADICIONAL DE MATERIA--TÉRMINO DE MATERIA
Término de materia o nombre geográfico como elemento de entrada Labores de aguja
Subdivisión geográfica Israel
9 (RLIN) 26593
650 14 - PUNTO DE ACCESO ADICIONAL DE MATERIA--TÉRMINO DE MATERIA
Término de materia o nombre geográfico como elemento de entrada Bordado
Subdivisión general Patrones
9 (RLIN) 26594
650 14 - PUNTO DE ACCESO ADICIONAL DE MATERIA--TÉRMINO DE MATERIA
Término de materia o nombre geográfico como elemento de entrada Bordado
Subdivisión geográfica Israel
9 (RLIN) 26595
700 1# - PUNTO DE ACCESO ADICIONAL--NOMBRE DE PERSONA
Nombre de persona Auerbach, Aliza
Término indicativo de función/relación il.
9 (RLIN) 26596
700 1# - PUNTO DE ACCESO ADICIONAL--NOMBRE DE PERSONA
Nombre de persona Levanon, Benny
Término indicativo de función/relación il.
9 (RLIN) 26597
902 ## - CATALOGADOR
Iniciales GRL
942 ## - ELEMENTOS DE PUNTO DE ACCESO ADICIONAL (KOHA)
Fuente del sistema de clasificación o colocación Library of Congress Classification
Tipo de ítem Koha Libros
Holdings
Estado de retiro Estado de pérdida Estado dañado No para préstamo Localización permanente Ubicación/localización actual Fecha de adquisición Número de inventario Total de préstamos Signatura topográfica completa Código de barras Fecha visto por última vez Precio válido a partir de Tipo de ítem Koha
El ejemplar forma parte de la colección y puede ser consultado según las políticas vigentes.       Biblioteca Centro de Estudios Ruth D. Lechuga Biblioteca Centro de Estudios Ruth D. Lechuga 08/01/2014 Au1586   TT753 .A45 1977 (Au1586) GRL01503 22/03/2019 22/03/2019 Libros